| 000 | 00782nam a2200205 i 4500 | ||
|---|---|---|---|
| 001 | 62319 | ||
| 003 | ES-MaACL | ||
| 005 | 20230906164639.0 | ||
| 007 | t| | ||
| 008 | 031119s1969 mx ||||1| spa d | ||
| 100 | 1 |
_aFernández, Justino. _949395 |
|
| 245 | 1 | 0 |
_aGuía del archivo de la antigua Academia de San Carlos, 1781-1800 / _cJustino Fernández. |
| 250 | _a[1ª ed.]. | ||
| 260 |
_aMéxico : _bUniversidad Nacional Autónoma de México, _c[1969] |
||
| 300 |
_a114 p. ; _c23 cm. |
||
| 500 | _aSuplemento 3 del núm. 37 de los Anales del Instituto de Investigaciones Estéticas. | ||
| 610 | 2 | 4 |
_aAcademia Nacional de San Carlos (México)- _xArchivos- _vCatálogos. _9141772 |
| 710 | 2 |
_aUniversidad Nacional Autónoma de México. _97397 |
|
| 852 |
_aES-MaACL _jC-44078 _bR.70519 |
||
| 999 |
_c62319 _d62319 |
||